<?xml version="1.0" encoding="UTF-8"?>
<collection xmlns="http://www.loc.gov/MARC21/slim">
 <record>
  <leader>01586nam a22002177a 4500</leader>
  <controlfield tag="001">NCT_53004</controlfield>
  <controlfield tag="008">181017b        xxu||||| |||| 00| 0 vie d</controlfield>
  <datafield tag="999" ind1=" " ind2=" ">
   <subfield code="c">2538</subfield>
   <subfield code="d">2538</subfield>
  </datafield>
  <datafield tag="020" ind1=" " ind2=" ">
   <subfield code="a">9786045727492</subfield>
   <subfield code="c">25000</subfield>
  </datafield>
  <datafield tag="082" ind1="0" ind2="4">
   <subfield code="2">23rd ed.</subfield>
   <subfield code="a">915.97704</subfield>
   <subfield code="b">H401/T.3</subfield>
  </datafield>
  <datafield tag="245" ind1="0" ind2="0">
   <subfield code="a">Du lịch Việt Nam :</subfield>
   <subfield code="n">Tập 3</subfield>
   <subfield code="b">Bắc Trung Bộ</subfield>
   <subfield code="c">Vũ Đình Hòa (chủ biên); ...[et al.]</subfield>
  </datafield>
  <datafield tag="260" ind1=" " ind2=" ">
   <subfield code="a">H.</subfield>
   <subfield code="b">Chính trị Quốc gia</subfield>
   <subfield code="c">2017</subfield>
  </datafield>
  <datafield tag="300" ind1=" " ind2=" ">
   <subfield code="a">80 tr.</subfield>
   <subfield code="c">20cm</subfield>
  </datafield>
  <datafield tag="520" ind1=" " ind2=" ">
   <subfield code="a">Sách trình bày tuần tự các khu du lịch đến các địa điểm du lịch vùng. Bộ sách thực sự là cẩm nang hữu ích đối với các hướng dẫn viên, các sinh viên chuyên ngành du lịch và những bạn đọc quan tâm tới du lịch, yêu khám phá và tìm tòi bởi nó đã cung cấp một cách chi tiết và toàn diện những thông tin về tiềm năng phát triển du lịch Việt Nam, cũng như tiềm năng, giá trị của các điểm du lịch, khu du lịch quốc gia được xác định trong quy hoạch ở Việt Nam.</subfield>
  </datafield>
  <datafield tag="653" ind1=" " ind2=" ">
   <subfield code="a">Quàn trị DV Du lịch và Lữ hành</subfield>
  </datafield>
  <datafield tag="700" ind1="1" ind2=" ">
   <subfield code="a">Vũ Đình Hòa</subfield>
   <subfield code="e">Chủ biên</subfield>
  </datafield>
  <datafield tag="700" ind1="1" ind2=" ">
   <subfield code="a">Trần Thị Nguyệt Quế</subfield>
  </datafield>
  <datafield tag="700" ind1="1" ind2=" ">
   <subfield code="a">Phạm Tiến Dũng</subfield>
  </datafield>
  <datafield tag="942" ind1=" " ind2=" ">
   <subfield code="2">ddc</subfield>
   <subfield code="c">BK</subfield>
  </datafield>
  <datafield tag="952" ind1=" " ind2=" ">
   <subfield code="0">0</subfield>
   <subfield code="1">0</subfield>
   <subfield code="2">ddc</subfield>
   <subfield code="4">0</subfield>
   <subfield code="6">915_977040000000000_H401_T_3</subfield>
   <subfield code="7">0</subfield>
   <subfield code="9">14503</subfield>
   <subfield code="a">000001</subfield>
   <subfield code="b">000001</subfield>
   <subfield code="d">2018-10-17</subfield>
   <subfield code="o">915.97704 H401/T.3</subfield>
   <subfield code="p">MD.13664</subfield>
   <subfield code="r">2018-10-17</subfield>
   <subfield code="v">25000.00</subfield>
   <subfield code="w">2018-10-17</subfield>
   <subfield code="y">BK</subfield>
  </datafield>
  <datafield tag="980" ind1=" " ind2=" ">
   <subfield code="a">Thư viện Trường Đại học Nam Cần Thơ</subfield>
  </datafield>
 </record>
</collection>
